Principles of Marketing: With Case Based Practical Exercises (Record no. 52421)

000 -LEADER
fixed length control field 00401nam a2200145Ia 4500
020 ## - INTERNATIONAL STANDARD BOOK NUMBER
International Standard Book Number 9.7893712649e+012
082 ## - DEWEY DECIMAL CLASSIFICATION NUMBER
Classification number 658.8
Item number SHA/P
100 ## - MAIN ENTRY--PERSONAL NAME
Personal name 20260330u\\\\\\\\\\\y0engy0103\\\\ba
100 ## - MAIN ENTRY--PERSONAL NAME
Personal name Sharma, Kavita
245 #0 - TITLE STATEMENT
Title Principles of Marketing: With Case Based Practical Exercises
250 ## - EDITION STATEMENT
Edition statement 4th
260 ## - PUBLICATION, DISTRIBUTION, ETC.
Place of publication, distribution, etc. New Delhi
Name of publisher, distributor, etc. Taxmann Publication Pvt Ltd
Date of publication, distribution, etc. 2025
300 ## - PHYSICAL DESCRIPTION
Extent 318p.
942 ## - ADDED ENTRY ELEMENTS (KOHA)
Koha item type Book
Holdings
Withdrawn status Lost status Damaged status Not for loan Permanent Location Current Location Date acquired Cost, normal purchase price Full call number Barcode Date last seen Price effective from Koha item type
        MUIT-NOIDA MUIT-NOIDA 2026-03-30 525.00 658.8 SHA/P SOM01162 2026-03-30 2026-03-30 Book

All Rights Reserved@MUIT

Powered by Koha